| 000 | 00341 a2200121 4500 | ||
|---|---|---|---|
| 020 | _a1853121606 | ||
| 082 | _a620.0015153 BRE | ||
| 100 | _aBrebbia, C. A. | ||
| 245 |
_aBoundary Elements An Introductory Course _cC. A. Brebbia, J. Dominguez |
||
| 250 | _a2nd ed | ||
| 260 |
_aBoston : _bWIT Press, _c1992 |
||
| 300 |
_a313p. : _bill. ; _c29 cm |
||
| 650 | _aboundary Elements | ||
| 999 |
_c889 _d889 |
||